| 000 | 00985nas a2200301 4500 | ||
|---|---|---|---|
| 001 | BR0905883 | ||
| 003 | BR-BrBNA | ||
| 005 | 20231205113750.0 | ||
| 007 | ta | ||
| 008 | 230509b bl.|||p| |||| 00| 00por d | ||
| 040 |
_aBR-BrBNA _bpor _cBiblioteca Nacional de Agricultura |
||
| 041 | _a(Pt) | ||
| 072 | _aQ04; L02; L53 | ||
| 100 | 1 | _aGarcia, E.R. de M. | |
| 100 | 1 | _aMurakami, A.E. | |
| 100 | 1 | _aMatsushita, M. | |
| 100 | 1 | _aDalalio, M.M. de O. | |
| 100 | 1 | _aRosa-Della, V.A. | |
| 100 | 1 | _aFernandes, J.I.M. | |
| 245 | 1 | _aEfeito da inclusão de óleo de linhaça sobre a composição lipídica e a concentração de prostaglandina (PGE2)em ossos longos de frangos de corte | |
| 650 | _aLÍPIDIO | ||
| 650 | _aPROSTAGLANDINA | ||
| 650 | _aFRANGO DE CORTE | ||
| 650 | _aÁCIDO | ||
| 773 | 0 |
_tRevista Brasileira de Zootecnia (Brazil) _xISSN 1516-3598 _g(Jul 2009), v. 38(7) p. 1247-1255 _wBR0905883 |
|
| 909 |
_a202311 _bLúcia _c55 _dLúcia Elande |
||
| 942 |
_2AGRIS _n0 _cANA |
||
| 999 |
_c205487 _d205487 |
||